00699nam a2200205Ia 4500008004100000020001800041022001300059040001300072082001400085245012800099260004600227300003100273500005000304650002500354650002500379650002800404700002600432700001700458700001800475191130s1998##################000#0#eng## a9780792349099 a97049832 aACLcACL a338.9 LEM aEcological sustainability and integrity : concepts and approachescedited by John Lemons, Laura Westra, and Robert Goodland aDordrecht ; BostonbKluwer Academicc1998 axix, 315 p. : ill. ; 25 cm aIncludes bibliographical references and index aEcological integrity aEnvironmental policy aSustainable development aGoodland, Robert J. A aLemons, John aWestra, Laura